[Event "GER-ch U14 Girls"]
[Site "Willingen"]
[Date "2003.06.08"]
[Round "2"]
[White "Dittrich, Jacqueline"]
[Black "Popovic, Nathalie"]
[Result "1/2-1/2"]
[WhiteElo "1473"]
[BlackElo "1334"]
[PlyCount "47"]
[EventDate "2003.06.08"]
[EventType "swiss"]
[EventRounds "9"]
[EventCountry "GER"]
[SourceTitle "CBM 094 Extra"]
[Source "ChessBase"]
[SourceDate "2003.07.09"]
[SourceVersion "2"]
[SourceVersionDate "2003.07.09"]
[SourceQuality "1"]

1. Nc3 d5 2. e4 e6 3. d4 Bb4 4. e5 c5 5. Nf3 Nc6 6. Be3 cxd4 7. Bxd4 Nxd4 8. Qxd4 Ba5 9. Bb5+ Bd7 10. Qa4 Bxc3+ 11. bxc3 Ne7 12. Rd1 a6 13. Bxd7+ Qxd7 14. Qd4 Nf5 15. Qb4 Qc7 16. 0-0 Rc8 17. Rd3 Qe7 18. Rc1 Rc4 19. Qxe7+ Kxe7 20. Rb1 b5 21. Rb4 Rc6 22. a4 Rc5 23. axb5 axb5 24. Nd2 1/2-1/2